|
|
|
|
| LEADER |
00902nam a2200205Ia 4500 |
| 001 |
CTU_198003 |
| 008 |
210402s9999 xx 000 0 und d |
| 082 |
|
|
|a 338.1
|
| 082 |
|
|
|b Kh100
|
| 088 |
|
|
|a 60620116
|
| 100 |
|
|
|a Nguyễn, Thị Thùy Kha
|
| 245 |
|
0 |
|a Phân tích sinh kế nông hộ sản xuất chuyên lúa, lúa - màu và lúa - thủy sản ở đồng bằng sông Cửu Long
|
| 245 |
|
0 |
|b (Luận văn tốt nghiệp cao học. Ngành: Phát triển nông thôn)
|
| 245 |
|
0 |
|c Nguyễn Thị Thùy Kha ; Nguyễn Quang Tuyến (cán bộ hướng dẫn)
|
| 260 |
|
|
|a Cần Thơ
|
| 260 |
|
|
|b Đại Học Cần Thơ
|
| 260 |
|
|
|c 2014
|
| 650 |
|
|
|a Phát triển nông thôn,Rural development
|
| 910 |
|
|
|a Nguyên (Nguyễn Lê Phương Thảo)
|
| 980 |
|
|
|a Trung tâm Học liệu Trường Đại học Cần Thơ
|